000 00354nam a22001457a 4500
003 OSt
005 20160727222450.0
008 160704b xxu||||| |||| 00| 0 eng d
040 _cTEST
100 _92035
_a Adair, J.R
245 _aTeen with a Future
260 _aMichigan
_b Baker's Book House
_c1965
300 _aTeen with a Future
942 _2ddc
_cBK
999 _c1736
_d1736